<?xml version="1.0" encoding="UTF-8"?><?xml-stylesheet type="text/xsl" href="static/style.xsl"?><OAI-PMH xmlns="http://www.openarchives.org/OAI/2.0/" xmlns:xsi="http://www.w3.org/2001/XMLSchema-instance" xsi:schemaLocation="http://www.openarchives.org/OAI/2.0/ http://www.openarchives.org/OAI/2.0/OAI-PMH.xsd"><responseDate>2026-04-13T05:01:08Z</responseDate><request verb="GetRecord" identifier="oai:www.recercat.cat:2445/160237" metadataPrefix="marc">https://recercat.cat/oai/request</request><GetRecord><record><header><identifier>oai:recercat.cat:2445/160237</identifier><datestamp>2025-12-05T10:23:11Z</datestamp><setSpec>com_2072_1057</setSpec><setSpec>col_2072_478917</setSpec><setSpec>col_2072_478927</setSpec></header><metadata><record xmlns="http://www.loc.gov/MARC21/slim" xmlns:dcterms="http://purl.org/dc/terms/" xmlns:xsi="http://www.w3.org/2001/XMLSchema-instance" xmlns:doc="http://www.lyncode.com/xoai" xsi:schemaLocation="http://www.loc.gov/MARC21/slim http://www.loc.gov/standards/marcxml/schema/MARC21slim.xsd">
   <leader>00925njm 22002777a 4500</leader>
   <datafield ind2=" " ind1=" " tag="042">
      <subfield code="a">dc</subfield>
   </datafield>
   <datafield ind2=" " ind1=" " tag="720">
      <subfield code="a">Durán von Arx, José</subfield>
      <subfield code="e">author</subfield>
   </datafield>
   <datafield ind2=" " ind1=" " tag="260">
      <subfield code="c">2020-05-14T10:13:58Z</subfield>
   </datafield>
   <datafield ind2=" " ind1=" " tag="260">
      <subfield code="c">2020-05-14T10:13:58Z</subfield>
   </datafield>
   <datafield ind2=" " ind1=" " tag="260">
      <subfield code="c">1987</subfield>
   </datafield>
   <datafield ind2=" " ind1=" " tag="260">
      <subfield code="c">2020-05-14T10:13:58Z</subfield>
   </datafield>
   <datafield ind2=" " ind1=" " tag="520">
      <subfield code="a">Se dice que para ser un buen clínico se precisan dotes diagnósticas y terapéuticas, sin citar para nada las dotes preventivas que este individuo pueda aportar. Quien diagnostica bien es porque conoce perfectamente el concepto de lo normal y valora los límites de dicha normalidad; mediante una logica equilibrada. Del mismo modo, sus pasos terapéuticos procurarán enmendar el problema clínico diagnosticado, acercándolo lo máximo posible, a lo que su lógica comprende como lo normal. El concepto de lo normal puede catalogarse como la comprensión del equilibrio fisiológico y natural que un individuo precisa para desarrollar, armónicamente, las funciones naturales que la zóna estudiada debe mantener. El concepto de prevención o profilaxis, por tanto, tiene como fin único mantener dicho equilibrio natural dentro de los límites de lo que la lógica profesional cree como admisibles, evitando de este modo la aparición de procesos patológicos. La profilaxis es pues, hoy en día, el más alto eslabón en el que pueda soñar un dinámico ambicioso. Por ello, resulta tristemente chocante el que los llamados tratamientos anticaries sean tan poco conocidos y practicados en España.</subfield>
   </datafield>
   <datafield tag="653" ind2=" " ind1=" ">
      <subfield code="a">Càries dental</subfield>
   </datafield>
   <datafield tag="653" ind2=" " ind1=" ">
      <subfield code="a">Diagnòstic</subfield>
   </datafield>
   <datafield tag="653" ind2=" " ind1=" ">
      <subfield code="a">Odontologia</subfield>
   </datafield>
   <datafield tag="653" ind2=" " ind1=" ">
      <subfield code="a">Dental caries</subfield>
   </datafield>
   <datafield tag="653" ind2=" " ind1=" ">
      <subfield code="a">Diagnosis</subfield>
   </datafield>
   <datafield tag="653" ind2=" " ind1=" ">
      <subfield code="a">Dentistry</subfield>
   </datafield>
   <datafield ind2="0" ind1="0" tag="245">
      <subfield code="a">Tratamientos anticaries</subfield>
   </datafield>
</record></metadata></record></GetRecord></OAI-PMH>